| 000 | 00711nam a22002057a 4500 | ||
|---|---|---|---|
| 003 | BD-DhUL | ||
| 005 | 20230607144405.0 | ||
| 008 | 230430s 2023bg ||||| |||| 000 0 ben | ||
| 020 | _a9789840430109 (hbk) | ||
| 040 |
_aBD-DhUL _cBD-DhUL |
||
| 082 |
_a891.443 _bRAM |
||
| 100 | _aরশীদ, রফিকুর | ||
| 245 | 0 | 0 |
_aমুক্তিযুদ্ধের উপন্যাসসমগ্র / _cরফিকুর রশীদ । |
| 260 |
_aঢাকা : _bআগামী, _c২০২৩ । |
||
| 300 |
_a৪৯৯ পৃ. ; _c২৪ সেমি. |
||
| 365 |
_b1500.0 _cBDT |
||
| 650 | 4 | _aবাংলা উপন্যাস । | |
| 650 | 4 | _aBengali fiction. | |
| 942 |
_2ddc _cBK |
||
| 999 |
_c258276 _d258276 |
||